LEADER 01447nam a2200313 u 4500 001 000000006894 003 CaOOAMICUS 005 20070226104926.0 008 941010s1976 cauaf u000 u eng u 020 $a0520039459 035 $a10180527 040 $aPUL(R)$bita 100 1 $aPartner, Peter,$d1924-$0(OLS)http://pul/name/6998 245 10$aRenaissance Rome, 1500-1559 :$ba portrait of a society /$cPeter Partner. 260 $aBerkeley :$bUniversity of California Press,$cc1976. 300 $a241 p., [30] p. of plates :$bill., ports. ;$c24 cm 500 $aIncludes index. 504 $aBibliography: p. [227]-231. 650 0$aPapacy$xHistory$y1447-1565.$2//eng$0(OLS)http://pul/subject/6143 651 0$aRome (Italy)$xHistory$y1420-1798.$2//eng$0(OLS)http://pul/subject/3239 651 0$aRome (Italy)$xSocial life and customs$y1420-1798.$2//eng$0(OLS)http://pul/subject/6144 651 0$aRome (Italy)$xEconomic conditions$y1420-1798.$2//eng$0(OLS)http://pul/subject/6145 850 $aPUL 852 $aPUL$W1$xSL Filosofia 1$y2$m117 G 63$j9716$nBK-PRI$b $qStampati$B9716$CPULBib$Z2$F9716 $H $81 941 1 $a8 961 $aINV: 59670 996 $6020$a0520039459$9(OLS)http://pul/number/8936 996 $6245$aRenaissance Rome, 1500-1559 :$ba portrait of a society$9(OLS)http://pul/title/10119 996 $6260$aBerkeley :$bUniversity of California Press$9(OLS)http://pul/publisher/50169 LEADER 01349nam a2200265 a 4500 001 000000151071 003 CaOOAMICUS 005 20160406132658.0 008 160406s2015 sp ho 001 0 spa r 032 $aLibriCat 040 $aPUL$bita 100 1 $aCorona Velasco, María del Carmen.$0(OLS)http://pul/name/96133 245 10$aEvolución humana: proceso de hominización y humanización donde radica la singularidad del ser humano ? $cMaría del Carmen Corona Velasco. 260 $aSalamanca :$bUniversidad Pontificia de Salamanca,$c2015. 300 $a93 p.$bfacs., fotogr.:$a24 cm. 502 $aEstratto da tesi -- Universidad Pontificia de Salamanca. Facultad de Ciencias de la Salud, 2015. 504 $aBibliografia: p. [75]-78. 650 4$aEvoluzione umana.$0(OLS)http://pul/subject/29728 700 1 $aUniversidad pontificia de Salamanca.$bFacultad de Ciencias de la Salud$kTesi.$0(OLS)http://pul/name/96134 850 $aPUL 852 $aPUL$W1$xDP1 Tesi Univ. Salamanca$y45$m2015 E 1$j164554$qTesi$B175759$CPULBib$Z2$F175759 $82 941 1 $a16 996 $6245$aEvolución humana: proceso de hominización y humanización donde radica la singularidad del ser humano ? $9(OLS)http://pul/title/190256 996 $6260$aSalamanca :$bUniversidad Pontificia de Salamanca$9(OLS)http://pul/publisher/49541